000 00415nam a2200181Ia 4500
001 4760
005 20260306145819.0
008 260306t2005||||xx |||||||||||||| ||spa||
041 _aESP
082 _a330.015195
_bS29
100 _aSchmidt, Stephen J.
_eAUT
245 0 _aEconometrĂ­a
260 _c2005
300 _axv, 444 páginas :
_c23 cm.
650 _aGEN
654 _aCAN
942 _cLIB
_dJUS
_fJUS
_2ddc
_n
999 _c4760
_d4760